00425nam a2200157Ia 4500008004100000100001500041245006300056260003200119300001000151650002300161650001800184650002000202650001100222700001100233700002300244220216s9999 xx 000 0 und d aMathew N M 0aNew promising hybrid clones of rubber (Hevea brasiliensis) bIndian Rubber Journalc2003 a28-29 aHevea brasiliensis aHybrid clones aRRII 400 series aRubber aLicy J aSaraswathyamma C K